| 000 | 00797nam a2200253 4500 | ||
|---|---|---|---|
| 001 | 31999 | ||
| 003 | BD-RjUL | ||
| 005 | 20211209051757.0 | ||
| 008 | 140423r19651952enk 000 0 eng d | ||
| 035 | _a(BD-RjUL)32088 | ||
| 035 | _a(OCoLC)371047 | ||
| 040 |
_aLC _beng _cLC _dBD-RjUL |
||
| 041 | _aeng | ||
| 082 | 0 | 0 |
_a146.4 _bBRI 1965 |
| 245 | 0 | 0 |
_aBritish empirical philosophers : _bLocke, Berkeley, Hume, Reid and J. S. Mill / _cedited by A.J. Ayer and Raymond Winch |
| 260 |
_aLondon : _bRoutledge and Kegan Paul, _c1952 [Impression 1965]. |
||
| 300 |
_a560 p. ; _c23 cm. |
||
| 650 | 0 |
_aPhilosophers, British. _997408 |
|
| 700 | 1 |
_aAyer, A. J. _q(Alfred Jules), _d1910-1989 . _997409 |
|
| 700 | 1 |
_aWinch, Raymond. _997410 |
|
| 942 |
_2ddc _cBK |
||
| 999 |
_c31999 _d31999 |
||